000 00667nam a2200229Ia 4500
003 OSt
005 20220926004734.0
006 a|||||r|||| 00| 0
007 ta
008 220923b |||||||| |||| 00| 0 eng d
037 _cGeneral Book
040 _aRTL
_cRTL
_beng
041 _2eng
_aeng
082 _aX81-9.2. N63 - N62r, K2/GD
110 _aEmployees State Insurance Corporation.
245 0 _aAnnual Report , 1962-63.
260 _a New Delhi
_bS.I.C
_c1962
300 _a91p.
_ccm.
700 _aEmployees State Insurance Corporation.
942 _hX81-9.2. N63 - N62r, K2/GD
_cGB
_2CC
999 _c612119
_d612119